50 Pilotes Français(es) - Statistics

General Stats
  • This quiz has been taken 15 times
  • The average score is 10 of 50
Answer Stats
Œuvres Auteur % Correct
4x Champion du monde de Formule 1 Alain Prost
92%
9x Champion du monde des rallyesRecordman du nombre de victoires en Rallye Sébastien Loeb
83%
Champion du monde de GP3 (2015)Vainqueur d'1 GP de Formule 1 (2021) Esteban Ocon
75%
Champion du monde de GP2 (2016)Vainqueur d'1 GP de Formule 1 (2020) Pierre Gasly
75%
Vice-champion du monde de Formule 2 (2024) Isack Hadjar
50%
Champion du monde de Formule 3000 (1989)Vainqueur d'1 GP de Formule 1 (1995) Jean Alesi
50%
Champion du monde de GP2 (2011) Romain Grosjean
50%
8x Champion du monde des rallyes Sébastien Ogier
50%
Vice-championne de F1 Academy (2024)Révélation de l'année FIA WEC (2023) Doriane Pin
42%
2x Champion du monde de Formule E Jean-Eric Vergne
42%
Vice-championne du monde des rallyes (1982) Michèle Mouton
42%
14x Vainqueur du Rallye Dakar moto & auto Stéphane Peterhansel
42%
4x Champion du monde de Champ CarChampion du monde de Formule 3000 (2002) Sébastien Bourdais
33%
Champion du monde des rallyes (1994)4x Champion des champions Didier Auriol
25%
Champion du monde de MotoGP (2021) Fabio Quartararo
25%
Vainqueur de 6 GP en Formule 1Champion d'Europe de Formule 2 (1975) Jacques Laffite
25%
Champion du monde de Formule 3000 (1993)Vainqueur d'1 GP de Formule 1 (1996) Olivier Panis
25%
Vainqueur de 7 GP en Formule 1 René Arnoux
25%
Vice-champion du monde de Formule 1 (1982)Vainqueur de 3 GP de Formule 1 Didier Pironi
17%
Vainqueur d'1 GP de Formule 1 (1971) François Cevert
17%
2x Champion du monde de Moto22x Vainqueur de GP en MotoGP Johann Zarco
17%
Champion du monde de Formule 2 (2023) Théo Pourchaire
17%
Vice-champion du monde des rallyes (1993)Champion des champions (1995) François Delecour
8%
4x Vainqueur des 24h du MansVainqueur des 24h de Daytona (1991) Henri Pescarolo
8%
2x Champion du monde d'endurance (GTE Pro & Hypercar) Kévin Estre
8%
Vainqueur du Rallye Dakar auto (2006)Vainqueur de la coupe du monde de ski alpin (1996-97) Luc Alphand
8%
Premier Français Vainqueur d'un GP en Formule 1Vainqueur des 24h du Mans (1954) Maurice Trintignant
8%
2x Champion CanAmVainqueur de 2 GP de Formule 1 Patrick Tambay
8%
Champion du monde d'endurance (2016)2x Vainqueur des 24h du Mans Romain Dumas
8%
2x Champion du monde de motocross MXGP Romain Febvre
8%
4x Champion du monde des voitures de tourisme10x Vainqueur du Trophée Andros Yvan Muller
8%
Vainqueur de la Porsche Supercup (2025) Alessandro Ghiretti
0%
Champion du monde de GP3 Series (2018) Anthoine Hubert
0%
3x Vainqueur des 24h du MansChampion de Formula Nippon (2006) Benoît Tréluyer
0%
4x Vainqueur des 24h de Daytona Bob Wollek
0%
5x Vainqueur du Rallye Dakar moto Cyril Despres
0%
Champion du monde de Formule 3000 (1990)2x Champion Super GT Erik Comas
0%
2x Vainqueur du Rallye Dakar auto2x Champion du monde des voitures de sport Jean-Louis Schlesser
0%
Champion DTM (2002)Vainqueur des 24h du Mans (1998) Laurent Aïello
0%
2x Championne du monde de motocross Livia Lancelot
0%
Vainqueur des 24h du Mans (2013)Champion de Formule Nippon (2009) Loïc Duval
0%
Champion du monde de moto 125cm³ (2008)3x Vainqueur des 24h du Mans moto Mike Di Meglio
0%
Champion du monde de moto 250cm³ (2000) Olivier Jacque
0%
Champion d'IndyCar (2016)Vainqueur des 500 Miles d'Indianapolis (2019) Simon Pagenaud
0%
2x Vainqueur des Le Mans series Stéphane Sarrazin
0%
Champion du monde de Superbike (2014)2x Vainqueur des 24h du Mans moto Sylvain Guintoli
0%
Champion du monde de Formule 3 (2022) Victor Martins
0%
10x Champion du monde d'endurance moto9x Vainqueur du Bol d'Or Vincent Philippe
0%
2x Vainqueur de la Coupe du Monde des voitures de tourisme Yann Ehrlacher
0%
4x Vainqueur des 24h du MansChampion du monde des voitures de sport (1992) Yannick Dalmas
0%
No matching quizzes found
Score Distribution
Percent of People with Each Score
Percentile by Number Answered
Your Score History
You have not taken this quiz